000 00761nac a22002051u 4500
010 _a 2002030779
020 _a0130094145
020 _a8120323130
082 0 0 _a658.4
_bJ584
090 _c403
_d403
100 _aJessup, Leonard M.,
245 1 0 _aInformation systems today /
_cLeonard M. Jessup, Joseph S. Valacich.
260 _aUpper Saddle River, N.J. :
_bPrentice Hall,
_cc2003.
300 _axx, 410 p. :
_bill. (some col.) ;
_c29 cm.
650 0 _aInformation technology.
650 0 _aInformation storage and retrieval systems
_xBusiness.
700 1 _aValacich, Joseph S.,
_d1959-
942 _cBB
_k658.4J584
999 _c403
_d403